vocabulaire anglais - Statistiques

Statistiques générales
  • Ce quiz a été pris 1 301 fois
  • Le résultat moyen est 56 sur 75
Statistiques - réponses
Hint Réponse % Correct
livre book
98%
café coffee
98%
sac bag
97%
roi king
97%
reine queen
96%
après after
94%
pain bread
94%
cheveux hair
94%
lait milk
94%
école school
94%
soleil sun
94%
fenêtre window
94%
anniversaire birthday
93%
gauche left
93%
droite right
93%
oncle uncle
93%
ordinateur computer
92%
étoile star
92%
avant before
91%
argent money
91%
ange angel
90%
bière beer
90%
marron brown
89%
gateau cake
89%
pluie rain
88%
neige snow
88%
docteur doctor
87%
professeur teacher
86%
beurre butter
84%
doigts fingers
84%
fatigué tired
83%
vin wine
83%
chaussettes socks
80%
boeuf beef
79%
bougie candle
79%
jambon ham
79%
nuage cloud
78%
renard fox
78%
devoirs homework
78%
pâtes pasta
78%
cuillère spoon
78%
bonbon candy
77%
bague ring
77%
grenouille frog
75%
confiture jam
75%
habits clothes
72%
savon soap
72%
piscine swimming pool
72%
ballon balloon
70%
sourcil eyebrow
70%
oreiller pillow
70%
jupe skirt
69%
bruit noise
68%
horloge clock
67%
bijou jewel
67%
canapé sofa
67%
cravate tie
66%
prison jail
64%
infirmière nurse
62%
tapis carpet
60%
sieste nap
60%
farine flour
58%
lampe lamp
57%
manteau coat
56%
sous vêtement underwear
52%
fleuve river
51%
cible target
50%
surligneur highlighter
49%
cheville anckle
46%
joues cheeks
44%
menton chin
42%
dentifrice toothpaste
42%
pompier firefighter
40%
plat dish
28%
raison grape
5%
Aucun quiz correspondant
Distribution des résultats
% des personnes avec chaque résultat
Percentile par nombre de réponses
Votre historique - résultats
Vous n’avez pas pris ce quiz